| 000 | 01172nam a22003377a 4500 | ||
|---|---|---|---|
| 003 | CHAP | ||
| 005 | 20220329143825.0 | ||
| 008 | 111011s2010 mx r 00010 spa d | ||
| 010 | _a102362 | ||
| 011 | _a103334 | ||
| 020 | _a9786074900323 | ||
| 035 | _a114023 | ||
| 040 | _cCHAP | ||
| 082 | 0 | 4 |
_a809.30810972 _bM76 2010 |
| 100 | 1 |
_aMontes de Oca Navas, Elvia _977861 |
|
| 245 | 1 | 0 |
_aProtagonistas de las novelas de la revolución mexicana _c/por Elvia Montes de Oca Navas |
| 250 | _a2 ed. | ||
| 260 |
_aToluca, Méx. : _bInstituto Mexiquense de Cultura, _c2010 |
||
| 300 | _a231 p. | ||
| 490 |
_aBiblioteca Mexiquense del Bicentenario. _pRaíz del hombre |
||
| 590 |
_aBATCH-UPD _b10 _c20130110 _lUCH01 _h1923 |
||
| 590 |
_aBATCH-UPD _b10 _c20130410 _lUCH01 _h1248 |
||
| 590 |
_aBATCH-UPD _b10 _c20130914 _lUCH01 _h1727 |
||
| 590 |
_aCONVERSION _b10 _c20130109 _lUCH01 _h1356 |
||
| 650 | 1 | 4 |
_aLiteratura mexicana. _967138 |
| 650 | 1 | 4 |
_aNovela histórica. _982021 |
| 830 |
_aBiblioteca Mexiquense del Bicentenario. _pRaíz del hombre _912440 |
||
| 901 | _aBK | ||
| 942 | _cLIBRO | ||
| 949 |
_a809.30810972 M76 2010 _bBC _cLIBRO _d33724002309561 _eLIBRO _h115968 _i114023 _sb |
||
| 999 |
_c102362 _d102362 |
||